000 00297nam a2200133Ia 4500
008 230917s9999||||xx |||||||||||||| ||und||
040 _e151472
_aMAIN
041 _aEnglish
082 _aB J334O:D
100 _aOmkar
245 0 _aDesh ka prakash Jaiprakash
300 _a190p p.
942 _cBK
999 _c176781
_d176781